00391nam a2200121Ia 4500008004100000020001800041050002200059245006300081260006000144300002800204440002800232521000900260140609s9999 xx 000 0 und d a9781422129746 aHD 66b.M354 2010 aManaging teams :bexpert solutions to everyday challenges. aBoston, Mass. :bHarvard Business Review Press,cc2010. a91 p. :bill. ;c18 cm. a(Pocket mentor series). aBSBA